Guide to Biometrics (Record no. 60807)
[ view plain ]
| 000 -LEADER | |
|---|---|
| fixed length control field | 00621nam a22002297a 4500 |
| 005 - DATE & TIME | |
| control field | 20260515153312.0 |
| 008 - FIXED-LENGTH DATA ELEMENTS--GENERAL INFORMATION | |
| fixed length control field | 260515b |||||||| |||| 00| 0 eng d |
| 020 ## - ISBN | |
| International Standard Book Number | 9780387400891 |
| Price | 21166.99 |
| 040 ## - CATALOGING SOURCE | |
| Original cataloging agency | Doon University |
| 041 ## - Language | |
| Language | English |
| 082 ## - DDC NUMBER | |
| Classification number | 006.4 |
| Book Number | BOL |
| 100 ## - MAIN ENTRY--PERSONAL NAME | |
| Personal name | Bolle, Ruud M. |
| 245 ## - TITLE STATEMENT | |
| Title | Guide to Biometrics |
| 260 ## - PUBLICATION, DISTRIBUTION, ETC. (IMPRINT) | |
| Place of publication, distribution, etc | New York |
| Name of publisher, distributor, etc | Springer |
| Date of publication, distribution, etc | 2023 |
| 300 ## - PHYSICAL DESCRIPTION | |
| Pages | 364 |
| 650 ## - Subject | |
| Subject | Computer Science (PM (USHA) |
| 700 ## - Added Entry Personal Name | |
| Added Entry Personal Name | Connell, Jonathan H. |
| 700 ## - Added Entry Personal Name | |
| Added Entry Personal Name | Pankanti, Sharath |
| 700 ## - Added Entry Personal Name | |
| Added Entry Personal Name | Ratha, Nalini K |
| 700 ## - Added Entry Personal Name | |
| Added Entry Personal Name | Senior, Andrew W. |
| 942 ## - ADDED ENTRY ELEMENTS (KOHA) | |
| Koha item type | Books |
| 100 ## - MAIN ENTRY--PERSONAL NAME | |
| -- | 22780 |
| 650 ## - Subject | |
| -- | 26808 |
| 700 ## - Added Entry Personal Name | |
| -- | 22781 |
| 700 ## - Added Entry Personal Name | |
| -- | 22782 |
| 700 ## - Added Entry Personal Name | |
| -- | 22783 |
| 700 ## - Added Entry Personal Name | |
| -- | 22784 |
| 952 ## - LOCATION AND ITEM INFORMATION (KOHA) | |
| -- | 2026-05-15 |
| Withdrawn status | Lost status | Source of classification or shelving scheme | Damaged status | Not for loan | Location (home branch) | Sublocation or collection (holding branch) | Date acquired | Koha issues (times borrowed) | Koha full call number | Accession No. | Koha date last seen | Koha item type |
|---|---|---|---|---|---|---|---|---|---|---|---|---|
| Not For Loan | Doon University | Doon University | 15.05.2026 | 006.4 BOL | 33165 | 15.05.2026 | Reference |